| 000 | 00671nam a2200217 u 4500 | ||
|---|---|---|---|
| 005 | 20251105063900.0 | ||
| 008 | 110829s2005 r 000 0 eng d | ||
| 020 | _a9870005225 | ||
| 035 | _aUPN01000181599 | ||
| 049 | _aCG | ||
| 050 | 4 |
_aBF697.5 B6.3 _bK4.7 |
|
| 100 | 1 | _aKesselman, Susana | |
| 245 | 1 | 3 |
_aEl pensamiento corporal : _bde la inteligencia emocional a la inteligencia sensorial / _cSusana Kesselman. |
| 260 |
_aBuenos Aires : _bLumen, _c2005. |
||
| 300 |
_a175 p. : _bil. |
||
| 440 | 0 |
_aCuerpo, arte y salud. _pRoja |
|
| 650 | 2 |
_aImagen corporal _916441 |
|
| 650 | 7 |
_aInteligencia emocional _2 _91394 |
|
| 650 | 2 |
_aMente y cuerpo _98110 |
|
| 905 | _aLibro | ||
| 999 |
_c153702 _d153702 |
||